000 01193cab a2200193 4500
001 ##L131637
008 051121n2005 000 0 eng u
035 _a(Sirsi) u131637
041 0 _aeng
100 1 _aHeaps, Patrick
245 0 0 _aRetail warehouse and shopping park development pipeline
_bthose who will occupy new space and the prevailing investment market
260 _c2005
490 0 _aJournal of Retail and Leisure Property
_v4(4) 2005, 352-358(7)
520 _aThis paper focuses on the retail warehouse shopping park and leisure market, but specifically on the pipeline. As a sector it outperformed all other property markets in the last ten years, with returns surpassing all other forms of retail property investment. It is generally believed that the sector will be at the forrefront of the wider retail market. 2004 was a strong year for this sector, and in the first half of 2005 confirmed transactions, together with deal speculation, suggest that this year will be no different. [Taken from journal abstract.]
590 _aIKA221105
690 _aPROPERTY-COMMERCIAL PROPERTY-RETAIL PROPERTY-OUT OF TOWN RETAIL PROPERTY
700 1 _aMather, Jonathan
942 _n0
999 _c76212
_d76212